| 000 | 00588nam a2200169Ia 4500 | ||
|---|---|---|---|
| 003 | GCL | ||
| 008 | 140319s9999 xx 000 0 ara d | ||
| 040 |
_aGCL / _cGCL |
||
| 082 | 0 | 4 |
_aم _b413.23 _bر م |
| 100 | 1 | _aروحى البعلبكى | |
| 245 | 1 | 0 |
_aالمورد قاموس عربى انجليزى - انجليزى عربى ( 2004 ) / _cروحى البعلبكى |
| 260 |
_aبيروت : _bدار العلم للملايين ، _c2004 |
||
| 300 |
_aمتعدد ؛ _c24 سم |
||
| 650 | 0 | 4 | _aالقواميس |
| 650 | 0 | 4 | _aالقواميس انجليزى - عربى |
| 942 |
_2ddc _cREF |
||
| 999 |
_c7147 _d7147 |
||